Spotreba domácností krajín V4 a jej zmeny po vstupe do EÚ diplomová práca

Gespeichert in:
Bibliographische Detailangaben
1. Verfasser: Haviarová, Zdenka
Körperschaft: Národohospodárska fakulta EU. Katedra hospodárskej politiky
Weitere Verfasser: Holková, Vieroslava
Format: Buch
Sprache:Slowakisch
Veröffentlicht: Bratislava 2008
Tags: Tag hinzufügen
Keine Tags, Fügen Sie das erste Tag hinzu!

MARC

LEADER 00000nam$a2200000$$$4500
001 0077616
005 20240201120354.3
041 0 |a slo 
044 |a SK 
245 1 0 |a Spotreba domácností krajín V4 a jej zmeny po vstupe do EÚ  |b diplomová práca  |c Zdenka Haviarová ; škol. Vieroslava Holková 
264 1 |a Bratislava  |c 2008 
300 |a 66 s. 
100 1 |a Haviarová, Zdenka 
700 1 |a Holková, Vieroslava 
710 2 |a Národohospodárska fakulta EU. Katedra hospodárskej politiky